01152nam a2200325 i 450000100060000000300080000600500170001400600190003100700150005000800410006502000270010603500220013304000310015505000230018608000130020908200150022210000270023724501170026426400390038130000410042033600310046133700330049233800430052550400290056858800830059765000250068065000310070565500270073685600630076336536FINmELB20241216221427.0m o u cr cn|||||||||200320s2018 sp ob 000 0 spa d a9788471129048 (e-book) a(OCoLC)1149138449 aFINmELBbspaerdacFINmELB14aLB3013.3bU81 2018 a37.064.304a371.582231 aUrra Portillo, Javier.13aLa huella del silencio :bestrategias de prevención y afrontamiento del acoso escolar /cJavier Urra Portillo. 1aMadrid :bEdiciones Morata,c2018. a1 recurso en línea (152 páginas) atextobtxt2rdacontent/spa acomputadorabc2rdamedia/spa arecurso en líneabcr2rdacarrier/spa aContiene bibliografía. aDescripción basada en metadatos suministrados por el editor y otras fuentes. 0aBullying in schools. 4aAcoso moral en la escuela. 4aLibros electrónicos.40uhttps://elibro.net/ereader/politecnicointernacional/119536